Music Quiz

Random Music or Lyrics Quiz

'Club Tropicana' Lyrics by Wham! Quiz Stats

 Plays Quiz not verified by Sporcle

Challenge
Share
Tweet
Embed
Score 0/211 Timer 10:00
0 Plays Today
% Correct
the
98.3%
a
98.3%
the
98.3%
the
98.3%
the
98.3%
the
98.3%
the
98.3%
a
98.3%
A
98.3%
the
98.3%
the
98.3%
the
98.3%
the
98.3%
the
98.3%
Club
96%
Club
96%
Club
96%
Club
96%
Woah!
95.5%
Cool!
95.5%
Cool!
95.5%
Cool!
95.5%
Coo-oo-oo-oo-ool!
95.5%
Cool!
95.5%
Cool!
95.5%
Cool!
95.5%
Coo-oo-oo-oo-ool!
95.5%
Cool!
95.5%
Cool!
95.5%
Cool!
95.5%
Cool!
95.5%
you
94.9%
you
94.9%
and
94.9%
you
94.9%
and
94.9%
for
94.9%
you
94.9%
and
94.9%
and
94.9%
and
94.9%
for
94.9%
you
94.9%
and
94.9%
for
94.9%
you
94.9%
and
94.9%
you
94.9%
and
94.9%
you
94.9%
and
94.9%
for
94.9%
you
94.9%
Tropicana,
94.4%
are
94.4%
everyone!
94.4%
Tropicana,
94.4%
are
94.4%
everyone!
94.4%
Tropicana,
94.4%
are
94.4%
everyone!
94.4%
Tropicana,
94.4%
are
94.4%
everyone!
94.4%
free!
93.8%
free!
93.8%
free!
93.8%
free!
93.8%
drinks
93.2%
there's
93.2%
% Correct
drinks
93.2%
there's
93.2%
drinks
93.2%
there's
93.2%
drinks
93.2%
there's
93.2%
enough
92.7%
enough
92.7%
enough
92.7%
enough
92.7%
Fun
92.1%
sunshine,
92.1%
Fun
92.1%
sunshine,
92.1%
Fun
92.1%
sunshine,
92.1%
Fun
92.1%
sunshine,
92.1%
is
91.5%
is
91.5%
is
91.5%
is
91.5%
me
91%
to
91%
to
91%
sea,
91%
sea,
91%
sea,
91%
sea,
91%
can
89.8%
can
89.8%
can
89.8%
can
89.8%
Woah-all
89.3%
Woah-all
89.3%
Woah-all
89.3%
Woah-all
89.3%
but
88.7%
but
88.7%
but
88.7%
but
88.7%
Let
88.1%
take
88.1%
where
88.1%
Where
88.1%
take
88.1%
don't
88.1%
don't
88.1%
don't
88.1%
don't
88.1%
take
88.1%
Don't
88.1%
don't
88.1%
take
88.1%
Don't
88.1%
don't
88.1%
place
87%
that's
87%
that's
87%
that's
87%
that's
87%
missing
85.9%
missing
85.9%
missing
85.9%
missing
85.9%
worry,
84.2%
worry,
84.2%
worry,
84.2%
worry,
84.2%
miss
83.1%
miss
83.1%
% Correct
suntan!
82.5%
suntan!
82.5%
suntan!
82.5%
suntan!
82.5%
Wonderland
75.7%
smiling
75.1%
by
75.1%
face.
74%
hand
74%
your
68.9%
your
68.9%
your
68.9%
your
68.9%
your
68.9%
your
68.9%
with
68.4%
stars.
66.7%
welcome
65.5%
shoulders
61.6%
membership's
61%
in
61%
beneath
60.5%
leave
60.5%
leave
60.5%
on
59.9%
Pack
59.3%
bags
59.3%
tonight,
59.3%
Pack
59.3%
bags
59.3%
tonight,
59.3%
time,
58.8%
time!
58.8%
time!
58.8%
flight!
56.5%
flight!
56.5%
strangers
54.8%
from
54.8%
panamas.
52.5%
their
51.4%
waves
48%
lovers
46.9%
meet,
46.3%
blue
46.3%
lagoon,
45.8%
move
45.8%
move
45.8%
Brush
44.6%
feet!
43.5%
feet!
43.5%
break
42.4%
holida-a-ay!
42.4%
Gotta
42.4%
Gotta
42.4%
bay.
41.2%
Watch
40.7%
kiss
39.5%
heat.
37.3%
then
36.7%
Tropicana's
32.8%
night's
32.8%
Castaways
32.2%
sands
32.2%
tune.
31.1%
cocktail
29.4%
white
28.8%
summer's
28.2%
whole
28.2%
Soft
21.5%

You're not logged in!

Compare scores with friends on all Sporcle quizzes.
Join for Free
OR
Log In

You Might Also Like...

Show Comments

Extras

Created Jan 5, 2017ReportNominate
Tags:Lyrics Quiz, 1980s, 1983, pop, Pop Music, wham

Top Quizzes Today


Score Distribution

Your Account Isn't Verified!

In order to create a playlist on Sporcle, you need to verify the email address you used during registration. Go to your Sporcle Settings to finish the process.

Report this User

Report this user for behavior that violates our Community Guidelines.

Details: